02385cam a22005055a 450000100070000000500170000700800410002403500130006501000310007802000230010902000260013203500240015803500570018204001020023904100080034104200210034904300300037008200120040008200120041224500940042425000260051826000420054430000350058633600260062133700280064733800270067550400670070250504280076952002060119765100170140365100370142065100180145765000240147565100290149965100230152865000190155165100420157065100160161265100290162865300530165765300550171065300690176570000250183470000200185912511920230411085949.0120517s2012 nyub b 001 0 eng d a19452712 a 2014319071z 2002044682 a0802145779q(pbk.) a9780802145772q(pbk.) a(OCoLC)ocn793832384 a(OCoLC)793832384z(OCoLC)707255803z(OCoLC)793906522 aBKLbengcBKLdBTCTAdBDXdYDXCPdSINLBdBWXdOCLCOdJ2HdQBXdAU@dOCLCFdOCLCQdS3OdOCLCQdDLC aeng alccopycatalcode aaw-----aa------af------04a95622314a95621504aThe Middle East and Islamic world reader /cedited by Marvin Gettleman and Stuart Schaar. aRev. and expanded ed. aNew York, NY :bGrove Press,c©2012. axi, 411 pages :bmaps ;c23 cm atextbtxt2rdacontent aunmediatedbn2rdamedia avolumebnc2rdacarrier aIncludes bibliographical references (pages 391-397) and index.0 aIslamic beginnings: revelation, state building, and culture -- From the coming of steppe peoples to the age of gunpowder empires -- Contradictions of modernity: imperialism and social change -- The two world wars and their aftermaths -- Arabs and Zionists struggle over Palestine -- Geopolitics of oil and the Cold War conflict -- Ideologies, movements, and social trends -- 9/11: terrorism and wars, Arab citizens' revolt. aTraces the history of the core Islamic lands from their Golden Age to today, revealing the Muslim world's multi-faceted societies, political systems, key figures, and relationships with outside groups. 0aMiddle East. 0aIslamic countriesxCivilization. 4aMellanostern. 7aCivilization.2fast 7aIslamic countries.2fast 7aMiddle East.2fast 7aHistoria.2sao 4aPaíses islámicosxCivilización. 4aMedio Este. 7aIslamiska länder.2sao aIslam (Middle East, Africa, Africa, Middle East) aHistory (Middle East, Africa, Africa, Middle East) aPolitics & government (Middle East, Africa, Africa, Middle East)1 aGettleman, Marvin E.1 aSchaar, Stuart.